000 01132cam a2200265 i 4500
003 SA-RiAUC
005 20251230102602.0
008 251119s1984 su o g b 00000 ara c
040 _aSA-RiKSU
_bara
_cSA-RiAUC
_erda
043 _aa-su---
082 0 4 _a720.9531
_qSA-RiAUC
090 _a720.9531
_bص ا ل
100 1 _aالصالح، ناصر عبد الله عثمان،
_d1362 هجري-
_eمؤلف.
245 1 2 _aالمؤثرات والأنماط الجغرافية للعمارة التقليدية بالمملكة العربية السعودية /
_cإعداد ناصر عبد الله عثمان الصالح.
250 _aالطبعة الأولى.
264 1 _aمكة المكرمة :
_bناصر عبد الله عثمان الصالح،
_c1984
300 _a62 صفحة :
_bصور ؛
_c21 سم
336 _aنص
_btxt
_2rdacontent
_3كتاب
337 _aبدون وسيط
_bn
_2rdamedia
338 _aمجلد
_bnc
_2rdacarrier
504 _aببليوجرافية : صفحة 53-59.
650 7 _aالعمارة
_zالسعودية
_2aucsh
942 _2ddc
_cBOOK
_n0
949 _aSA-JeALM
_d251119
_umohamedma123
_n1
999 _c13860
_d13860